| 000 | 00580nam a2200241 a 4500 | ||
|---|---|---|---|
| 001 | nice12345678 | ||
| 003 | IN_TiNIC | ||
| 005 | 20260116011723.0 | ||
| 008 | 050524s0000 laha grp 000 0 urd | ||
| 020 |
_a _c4.5 |
||
| 082 | 0 | 0 |
_a297.09 _bIKR |
| 100 | _aIkram, S Mohammad | ||
| 245 |
_aMauj-E-Kausar _b History of Indian Muslims |
||
| 260 |
_aLahore _bFeroz Sons _c0000 |
||
| 300 | _a416p | ||
| 500 | _aincludes index and biblioraphy | ||
| 505 | 2 | _aIndex | |
| 650 | _aIslam-India | ||
| 700 | 1 | _aIkram, S Mohammad | |
| 902 | _bSRS | ||
| 942 | _cBK | ||
| 999 |
_c3535 _d3535 |
||